000 00427nam a2200157Ia 4500
005 20250324021142.0
008 240331s9999 xx 000 0 und d
020 _a9559001094
082 _bWEE
_a891
100 _aWeerasinghe,S
245 0 _aWelendage maranaya
260 _aVeyangoda
_bParaba Publication
_c1991
300 _a170 p .,
500 _aStory Based on a who strived to reach his goals and education
942 _cL
999 _c5370
_d5370